| 000 | 00499pam a2200205 a 4500 | ||
|---|---|---|---|
| 001 | 2404128 | ||
| 003 | NUST-PNEC | ||
| 005 | 20170116181027.0 | ||
| 008 | 860123s1986 nyua b 001 0 eng | ||
| 010 | _a 86000331 | ||
| 020 | _a0534375960 | ||
| 040 | _cLIBRARY | ||
| 082 | 0 | 0 | _a621.4022 KRE |
| 100 | 1 | _aKreith, Frank. | |
| 245 | 1 | 0 |
_aPrinciples of heat transfer. _bFrank Kreith |
| 250 | _aSixth Edition | ||
| 650 | 0 |
_aHeat _xTransmission. - ME |
|
| 700 | 1 | _aBohn, Mark. | |
| 942 |
_2ddc _cBK |
||
| 999 |
_c67603 _d67603 |
||